Größte Städte im Römischen Reich (um 100 n.Chr.) - Statistiken

Allgemein
  • Dieses Quiz wurde 182 mal gespielt
  • Das Durchschnittsergebnis liegt bei 4 aus 10
Antwortstatistiken
Einwohnerzahl (ca.) Provinz Stadt % Korrekt
1.000.000 Italien Rom
100%
600.000 Aegyptus Alexandria
89%
120.000 Achaea/Macedonia Athen
63%
300.000 Africa Karthago
53%
500.000 Syria Antiochia
26%
250.000 Achaea/Macedonia Korinth
25%
200.000 Asia Ephesos
21%
100.000 Judaea Caesarea Maritima
12%
100.000 Asia Pergamon
9%
100.000 Italien Capua
8%
Keine übereinstimmenden Quizze gefunden
Verteilung der Resultate
Anzahl Personen mit jedem Resultat
Perzentil nach korrekt beantworteten Fragen
Ihre Resultats-Entwicklung
Sie haben dieses Quiz noch nicht gespielt